000 01495nam0a2200349 4500
001 RU\NLR\bibl\605013
005 20260407060811.0
021 _aRU
_b2004-38506
_91917
035 _aRSL-KNO-002449217
035 _a(NLR Aleph) 000596939
090 _a1748668
_c1748668
100 _a20040702d2004 |||y0rusy50 ca
101 0 _arus
_aeng
102 _aRU
105 _aa |||||||||
106 _ar
200 1 _aКаталог железнодорожного подвижного состава
_fВагоностроит. компания Мордовии (ВКМ), ОАО "Рузхиммаш"
210 _aСаранск
_c[б. и.
_d2004]
215 _a47, [2] с.
_cцв. ил., портр.
_d29
300 _aТекст парал. на рус. и англ. яз.
606 0 _aГрузовые вагоны
_jКаталоги
_91204038
_3RU\NLR\auth\66169475
610 0 _aТранспорт -- Железнодорожный транспорт -- Вагоны -- Грузовые вагоны -- Вагоны-цистерны -- Фирменный каталог
686 _aО244.4я87
_2rubbk
686 _aО244я87
712 0 2 _4570
_a"Рузхиммаш", открытое акционерное общество
_cРузаевка
_9553887
_3RU\NLR\AUTH\8810027698
801 0 _aRU
_bRuMoRKP
_c20040702
_grcr
801 1 _aRU
_bRuMoRGB
_c20040702
801 2 _aRU
_bNLR
_c20050203
_gPSBO
942 _cBOOK
980 _aNB